000
00291 a2200133 4500
001
153849
040
_c
Escola São Tomás de Aquino
100
_a
LIMA, Mirna
240
1
0
_a
Porta aberta
_l
por
245
1
0
_a
Porta aberta
440
1
_a
FTD
697
_a
*LITERATURA INFANTIL
942
_c
BK
999
_c
153849
_d
153849